Normal view MARC view
  • Identidad cultural

Entry Materia

Number of records used in: 85

001 - NÚMERO DE CONTROL DEL REGISTRO

  • campo de control: 9165

003 - IDENTIFICADOR DE NUMERO DE CONTROL

  • campo de control: UPN

005 - FECHA Y HORA DE LA ÚLTIMA TRANSACCIÓN

  • campo de control: 20240909104013.0

008 - DATOS DE LONGITUD FIJA

  • campo de control de longitud fija: 240909n| acnnnbabn | ana |d

035 ## - NÚMERO DE CONTROL DEL SISTEMA

  • Número de control del sistema: UPN10000009171

040 ## - FUENTE DE LA CATALOGACIÓN

  • Centro catalogador de origen: MX-MxUPN
  • Lengua de catalogación: spa
  • Agencia de transcripción: MX-MxUPN

150 ## - ENCABEZAMIENTO - TEMÁTICO

  • Término de materia o nombre geográfico como elemento inicial: Identidad cultural

670 ## - FUENTE EN LA QUE SE LOCALIZARON DATOS

  • Cita de la fuente: A

902 ## - CATALOGADOR

  • Catalogador: MEEG/290801